Statistics for European Capitals by Proximity in 30 Seconds

Click here to take the quiz!

General Stats

  • This quiz has been taken 967 times
  • The average score is 40 of 45

Answers on the Map

Answers color-coded by a green-red scale on the quiz's map according to % correct below.
Loading ...
 

Answer Stats

#NeighboursCapital% Correct
7Brussels, Paris, Bern, Amsterdam, Vaduz, London, PragueLuxembourg
99%
5Brussels, Luxembourg, London, Paris, BerlinAmsterdam
98%
6Amsterdam, Luxembourg, Paris, London, Bern, VaduzBrussels
98%
5Brussels, Paris, Amsterdam, Dublin, LuxembourgLondon
98%
6Brussels, Luxembourg, London, Amsterdam, Bern, VaduzParis
98%
11Vienna, Budapest, Zagreb, Prague, Ljubljana, Belgrade, Sarajevo, Warsaw, Berlin, Vaduz, San MarinoBratislava
97%
13Zagreb, Vienna, San Marino, Bratislava, Budapest, Sarajevo, Vaduz, Prague, Belgrade, Rome, Vatican City, Bern, PodgoricaLjubljana
97%
11Bratislava, Budapest, Prague, Zagreb, Ljubljana, Belgrade, Sarajevo, Berlin, Vaduz, Warsaw, San MarinoVienna
97%
14Podgorica, Belgrade, Pristina, Zagreb, Tirana, Skopje, Ljubljana, Budapest, Sofia, San Marino, Bratislava, Vienna, Rome, Vatican CitySarajevo
96%
8Vilnius, Minsk, Berlin, Prague, Bratislava, Budapest, Vienna, RigaWarsaw
96%
14Ljubljana, Vienna, Bratislava, Sarajevo, Budapest, San Marino, Belgrade, Podgorica, Prague, Vaduz, Rome, Vatican City, Pristina, TiranaZagreb
96%
13Tirana, Pristina, Sarajevo, Skopje, Belgrade, Sofia, Zagreb, Ljubljana, Rome, Budapest, Vatican City, San Marino, BucharestPodgorica
95%
9Vienna, Berlin, Bratislava, Budapest, Ljubljana, Vaduz, Zagreb, Warsaw, LuxembourgPrague
95%
10Skopje, Podgorica, Sofia, Tirana, Belgrade, Sarajevo, Bucharest, Zagreb, Budapest, AthensPristina
95%
11Vatican City, Rome, Ljubljana, Zagreb, Monaco, Vaduz, Sarajevo, Bern, Vienna, Podgorica, BratislavaSan Marino
95%
3Berlin, Oslo, StockholmCopenhagen
94%
6Prague, Copenhagen, Warsaw, Vienna, Bratislava, AmsterdamBerlin
93%
2Andorra la Vella, LisbonMadrid
93%
8Pristina, Tirana, Sofia, Podgorica, Belgrade, Sarajevo, Bucharest, AthensSkopje
93%
8Skopje, Pristina, Bucharest, Tirana, Belgrade, Podgorica, Sarajevo, AthensSofia
93%
5Tallinn, Helsinki, Oslo, Riga, CopenhagenStockholm
93%
8Podgorica, Skopje, Pristina, Sarajevo, Sofia, Belgrade, Athens, ZagrebTirana
93%
11Bern, Luxembourg, Ljubljana, Monaco, San Marino, Prague, Zagreb, Vienna, Brussels, Paris, BratislavaVaduz
93%
1MadridLisbon
92%
6Bern, San Marino, Vaduz, Vatican City, Rome, Andorra la VellaMonaco
91%
6Vilnius, Tallinn, Helsinki, Minsk, Stockholm, WarsawRiga
91%
1LondonDublin
90%
2Madrid, MonacoAndorra la Vella
89%
7Vatican City, San Marino, Monaco, Ljubljana, Zagreb, Sarajevo, PodgoricaRome
89%
7Rome, San Marino, Monaco, Ljubljana, Zagreb, Sarajevo, PodgoricaVatican City
89%
12Sarajevo, Pristina, Podgorica, Budapest, Skopje, Sofia, Zagreb, Tirana, Bucharest, Bratislava, Ljubljana, ViennaBelgrade
88%
10Bratislava, Vienna, Zagreb, Belgrade, Ljubljana, Sarajevo, Prague, Warsaw, Pristina, PodgoricaBudapest
88%
5Minsk, Riga, Warsaw, Tallinn, KievVilnius
88%
4Skopje, Tirana, Sofia, PristinaAthens
87%
7Vaduz, Luxembourg, Monaco, Paris, Brussels, San Marino, LjubljanaBern
87%
0Moscow
86%
2Stockholm, CopenhagenOslo
86%
4Helsinki, Riga, Stockholm, VilniusTallinn
85%
3Tallinn, Riga, StockholmHelsinki
84%
4Vilnius, Riga, Kiev, WarsawMinsk
84%
3Chișinău, Minsk, VilniusKiev
78%
2Bucharest, KievChișinău
72%
6Sofia, Chișinău, Pristina, Belgrade, Skopje, PodgoricaBucharest
71%
0Reykjavik
68%
0Valletta
56%

Score Distribution

Percentile by Number Answered

Percent of People with Each Score

Your Score History

You have not taken this quiz